000 00784cab a2200241 4500
001 X93114
008 090401t1998 xxu||||| |||| 00| 0 eng d
035 _a(Sirsi) u87667
041 _aeng
100 _aGraham, I.
245 _aBeat the date-change bug
260 _c1998
350 _a0
490 _aCSM
_bChartered Surveyor Monthly
_vFebruary 1998, 24-25(2)
520 _aExplains the problems that will be caused by the year 2000 problem and offers advice. Includes a list of what will be affected by embedded systems and some websites.
650 _aBlock management
_96220
650 _aCOMPUTERS
650 _aEMBEDDED SYSTEMS
650 _aMILLENNIUM BUG
690 _aMANAGEMENT-BUSINESS MANAGEMENT-INFORMATION MANAGEMENT
942 _n0
948 _c27/07/1998
999 _c55305
_d55305